| 000 | 01814nam a2200373 i 4500 | ||
|---|---|---|---|
| 001 | 000000437 | ||
| 003 | DO-SdBNP | ||
| 005 | 20260305073949.0 | ||
| 007 | ta | ||
| 008 | 081218s2008 dr 000 0 spa d | ||
| 020 | _a9789993439509 | ||
| 040 |
_aDO-SdBNP _bspa _cBNPHU _erda |
||
| 041 | _aspa | ||
| 082 | 4 |
_a972.93 _bM938o _222 |
|
| 100 | 1 |
_aMoya Pons, Frank, _d1944- _eautor _4aut. _92095 |
|
| 245 | 1 | 3 |
_aLa otra historia dominicana / _cFrank Moya Pons ; edición, José Chez Checo |
| 264 |
_aSanto Domingo, República Dominicana : _bLibrería La Trinitaria, _c2008. |
||
| 300 |
_a570 páginas ; _c23 cm. |
||
| 336 |
_atexto _btxt _2rdacontent |
||
| 337 |
_asin mediación _bn _2rdamedia |
||
| 338 |
_avolumen _bnc _2rdacarrier |
||
| 500 | _aIncluye datos biográficos del autor en la solapa de la cubierta | ||
| 505 |
_aIntroducción-- _tOrígenes-- _tComienzos coloniales-- _tDe los esclavos-- _tGentes sin historia-- _tLos criollos-- _tCuestión de identidad-- _tAgricultura y plantaciones-- _tEcología insular-- _tDesastres y epidemias-- _tSaint-Domingue y Haití-- _tSanto Domingo y Cuba-- _tDemografía histórica-- _tRecuas, caminos y trenes-- _tModernización y desarrollo-- _tMoneda y bancos -- _tHistoria y memoria-- _tHistoriografía y bibliografías-- _tApéndices-- _tÍndice onomástico. |
||
| 590 | _aInventariado, 2019/MFF | ||
| 650 | 4 |
_aFerrocarriles _91458 |
|
| 651 | 4 |
_aRepública Dominicana _xHistoria _9170 |
|
| 651 | 4 |
_aRepública Dominicana _xCondiciones sociales _xHistoria _91211 |
|
| 651 | 4 |
_aRepública Dominicana _xCondiciones económicas _9281 |
|
| 651 | 4 |
_aRepública Dominicana _xPoblación _xHistoria _91456 |
|
| 651 | 4 |
_aRepública Dominicana _xHistoriografía _91457 |
|
| 700 | 1 |
_aChez Checo, José, _eeditor _4ed. _980381 |
|
| 910 | _aValidado. Control de calidad MMOLINA | ||
| 942 |
_2ddc _cLBS1 |
||
| 999 |
_c435 _d435 |
||